Natural sciences, media, heritage and modernization: (Registro nro. 535)

Detalles MARC
000 -LEADER
campo de control de longitud fija 01307nam a22002537a 4500
001 - NÚMERO DE CONTROL
campo de control EIF-IX-2016-M5-003
003 - IDENTIFICADOR DE NÚMERO DE CONTROL
campo de control OSt
005 - FECHA Y HORA DE LA ÚLTIMA TRANSACCIÓN
campo de control 20221228090202.0
008 - DATOS DE LONGITUD FIJA--INFORMACIÓN GENERAL
campo de control de longitud fija 221227b |||||||| |||| 00| 0 eng d
040 ## - FUENTE DE CATALOGACIÓN
Centro catalogador/agencia de origen Fundación Jesús Pereda
Centro/agencia transcriptor Fundación Jesús Pereda
041 ## - CÓDIGO DE IDIOMA
Código de lengua del texto/banda sonora o título independiente Inglés
100 ## - ENTRADA PRINCIPAL--NOMBRE DE PERSONA
Filiación Centre d’Història de la Ciència (CEHIC), Unitat d’Història de la Medicina, Facultat de Medicina, Universitat Autònoma de Barcelona
Nombre de persona Tabernero, Carlos
9 (RLIN) 887
111 ## - ENTRADA PRINCIPAL--NOMBRE DE CONGRESO/REUNIÓN
Nombre de congreso/reunión o jurisdicción como elemento de entrada Encuentro de Investigadores del Franquismo
Sede del congreso/Lugar de la reunión (Granada
Fecha del congreso o de la firma del tratado 2016.
Número del congreso/reunión o número de parte o sección 9º)
9 (RLIN) 101
245 ## - MENCIÓN DEL TÍTULO
Título Natural sciences, media, heritage and modernization:
Resto del título Félix Rodríguez de la Fuente and the wolves
Fechas extremas/inclusivas 1960-1980
Mención de responsabilidad, etc. /Carlos Tabernero y Mònica Alcalá Lorente
600 #0 - PUNTO DE ACCESO ADICIONAL DE MATERIA--NOMBRE DE PERSONA
9 (RLIN) 888
Nombre de persona Rodríguez de la Fuente, Félix
650 #0 - PUNTO DE ACCESO ADICIONAL DE MATERIA--TÉRMINO DE MATERIA
9 (RLIN) 889
Término de materia o nombre geográfico como elemento de entrada Lobos
650 #0 - PUNTO DE ACCESO ADICIONAL DE MATERIA--TÉRMINO DE MATERIA
9 (RLIN) 890
Término de materia o nombre geográfico como elemento de entrada Ciencias naturales
650 #0 - PUNTO DE ACCESO ADICIONAL DE MATERIA--TÉRMINO DE MATERIA
9 (RLIN) 443
Término de materia o nombre geográfico como elemento de entrada Medio ambiente
651 #0 - PUNTO DE ACCESO ADICIONAL DE MATERIA--NOMBRE GEOGRÁFICO
9 (RLIN) 150
Nombre geográfico Galicia
700 ## - ENTRADA AGREGADA--NOMBRE PERSONAL
Filiación Centre d’Història de la Ciència (CEHIC), Unitat d’Història de la Medicina, Facultat de Medicina, Universitat Autònoma de Barcelona
Nombre de persona Alcalá Lorente, Mònica
9 (RLIN) 891
773 ## - ASIENTO DE ITEM FUENTE
Título <a href="Actas del IX Encuentro de Investigadores del Franquismo">Actas del IX Encuentro de Investigadores del Franquismo</a>
Parte(s) relacionada(s) 244-251 p.
856 ## - LOCALIZACIÓN Y ACCESO ELECTRÓNICOS
Identificador Uniforme de Recursos <a href="https://bibliotecaccoocyl.fundacionjesuspereda.es/cgi-bin/koha/opac-retrieve-file.pl?id=aa4485eba338943ca7e6720a2c1ce402">https://bibliotecaccoocyl.fundacionjesuspereda.es/cgi-bin/koha/opac-retrieve-file.pl?id=aa4485eba338943ca7e6720a2c1ce402</a>
942 ## - ELEMENTOS DE ENTRADA SECUNDARIOS (KOHA)
Fuente del sistema de clasificación o colocación Clasificación Decimal Dewey
Tipo de ítem Koha Archivo de computadora
Suprimir en OPAC No

No hay ítems disponibles.

Página web subvencionada totalmente por la Consejería de Cultura y Turismo de la Junta de Castilla y León

Con tecnología Koha